La escuela del porvenir según Angelo Patri / (Record no. 95636)

MARC details
000 -LEADER
campo de control de longitud fija 00693nam a2200205 i 4500
001 - NÚMERO DE CONTROL
campo de control 95636
003 - IDENTIFICADOR DE NÚMERO DE CONTROL
campo de control ES-MaACL
005 - FECHA Y HORA DE LA ÚLTIMA TRANSACCIÓN
campo de control 20230906181738.0
007 - CAMPO FIJO DE DESCRIPCIÓN FÍSICA--INFORMACIÓN GENERAL
campo de control de longitud fija t|
008 - DATOS DE LONGITUD FIJA--INFORMACIÓN GENERAL
campo de control de longitud fija 050601s1924 sp ||||1| spa d
100 1# - ENTRADA PRINCIPAL--NOMBRE DE PERSONA
Nombre de persona Llopis, Rodolfo,
Fechas asociadas al nombre 1895-1983
9 (RLIN) 72833
245 13 - MENCIÓN DEL TÍTULO
Título La escuela del porvenir según Angelo Patri /
Mención de responsabilidad, etc. Rodolfo Llopis.
260 ## - PUBLICACIÓN, DISTRIBUCIÓN, ETC.
Lugar de publicación, distribución, etc. Madrid :
Nombre del editor, distribuidor, etc. Ediciones de La Lectura,
Fecha de publicación, distribución, etc. 1924 (
Lugar de fabricación/manufactura Cuenca :
Fabricante Tip. El Día de Cuenca)
300 ## - DESCRIPCIÓN FÍSICA
Extensión 171 p. ;
Dimensiones 19 cm.
490 1# - MENCIÓN DE SERIE
Mención de serie Ciencia y educación contemporánea ;
Designación de volumen o secuencia 8
650 04 - PUNTO DE ACCESO ADICIONAL DE MATERIA--TÉRMINO DE MATERIA
Término de materia o nombre geográfico como elemento de entrada Enseñanza.
9 (RLIN) 12279
830 0# - PUNTO DE ACCESO ADICIONAL DE SERIE-TÍTULO UNIFORME
Título uniforme Ciencia y educación contemporánea ;
Designación de volumen o secuencia 8
9 (RLIN) 232207
852 ## - LOCALIZACIÓN
Ubicación ES-MaACL
Número de control de estantería F-4742
Sublocalización o colección R.4555
Holdings
Estatus retirado Estado de pérdida Estado de daño No para préstamo Biblioteca de origen Biblioteca actual Ubicación en estantería Fecha de adquisición Fuente de adquisición Total de préstamos Signatura topográfica completa Código de barras Visto por última vez Precio de reemplazo Tipo de ítem Koha
        Biblioteca del Ateneo de Madrid Biblioteca del Ateneo de Madrid Depósito 2 17/01/2008     F-4742 1099861 23/02/2023 23/02/2023 Libro impreso